Physical Properties of Textile Fibres (Record no. 3400)
[ view plain ]
| 000 -LEADER | |
|---|---|
| fixed length control field | 00339nam a2200133Ia 4500 |
| 008 - FIXED-LENGTH DATA ELEMENTS--GENERAL INFORMATION | |
| fixed length control field | 191201s1993 xx 000 0 und d |
| 082 ## - DEWEY DECIMAL CLASSIFICATION NUMBER | |
| Classification number | 677.02832 |
| Item number | MOP |
| 100 ## - MAIN ENTRY--PERSONAL NAME | |
| Personal name | MORTON, W E |
| 245 #0 - TITLE STATEMENT | |
| Title | Physical Properties of Textile Fibres |
| 260 ## - PUBLICATION, DISTRIBUTION, ETC. (IMPRINT) | |
| Place of publication, distribution, etc | N.Delhi |
| Name of publisher, distributor, etc | Textile Institute |
| Date of publication, distribution, etc | 1993 |
| 300 ## - PHYSICAL DESCRIPTION | |
| Extent | 725 |
| 650 ## - SUBJECT ADDED ENTRY--TOPICAL TERM | |
| Topical term or geographic name as entry element | B.Tech(TE) |
| 942 ## - ADDED ENTRY ELEMENTS (KOHA) | |
| Source of classification or shelving scheme | Dewey Decimal Classification |
| Koha item type | Text Books |
| Withdrawn status | Lost status | Source of classification or shelving scheme | Damaged status | Not for loan | Collection code | Home library | Current library | Date acquired | Source of acquisition | Cost, normal purchase price | Bill Number | Total Checkouts | Full call number | Acc. no. / Barcode | Date last seen | Date last borrowed | Bill Date | Koha item type |
|---|---|---|---|---|---|---|---|---|---|---|---|---|---|---|---|---|---|---|
| Dewey Decimal Classification | B.Tech(TE) | PIET C-LIBRARY | PIET C-LIBRARY | 24/03/2008 | Technical Book | 65.00 | TBS/3984 | 5 | 677.02832 MOP | 8715 | 03/07/2024 | 18/06/2024 | 22/01/2008 | Text Books | ||||
| Dewey Decimal Classification | B.Tech(TE) | PIET C-LIBRARY | PIET C-LIBRARY | 24/03/2008 | Technical Book | 65.00 | TBS/3984 | 677.02832 MOP | 8716 | 04/12/2019 | 22/01/2008 | Text Books | ||||||
| Dewey Decimal Classification | B.Tech(TE) | PIET C-LIBRARY | PIET C-LIBRARY | 24/02/2009 | Indian International Text Book | 5687.00 | 105 | 3 | 677.02832 MOP | 11029 | 27/03/2024 | 13/03/2024 | 26/11/2008 | Text Books | ||||
| Dewey Decimal Classification | B.Tech(TE) | PIET C-LIBRARY | PIET C-LIBRARY | 24/02/2009 | Indian International Text Book | 5687.00 | 105 | 8 | 677.02832 MOP | 11030 | 12/03/2025 | 28/02/2025 | 26/11/2008 | Text Books | ||||
| Dewey Decimal Classification | B.Tech(TE) | PIET C-LIBRARY | PIET C-LIBRARY | 24/02/2009 | Indian International Text Book | 5687.00 | 105 | 6 | 677.02832 MOP | 11031 | 11/06/2024 | 27/05/2024 | 26/11/2008 | Text Books | ||||
| Dewey Decimal Classification | B.Tech(TE) | PIET C-LIBRARY | PIET C-LIBRARY | 24/02/2009 | Indian International Text Book | 5687.00 | 105 | 677.02832 MOP | 11032 | 10/12/2019 | 26/11/2008 | Text Books | ||||||
| Dewey Decimal Classification | B.Tech(TE) | PIET C-LIBRARY | PIET C-LIBRARY | 24/02/2009 | Indian International Text Book | 105 | 2 | 677.02832 MOP | 11033 | 07/06/2024 | 09/02/2024 | 26/11/2008 | Text Books | |||||
| Dewey Decimal Classification | B.Tech(TE) | PIET C-LIBRARY | PIET C-LIBRARY | 17/12/2008 | Technical Book | 65.00 | TSB/4129 | 677.02832 MOP | 10205 | 04/12/2019 | 21/10/2008 | Text Books | ||||||
| Dewey Decimal Classification | B.Tech(TE) | PIET C-LIBRARY | PIET C-LIBRARY | 17/12/2008 | Technical Book | 65.00 | TSB/4129 | 4 | 677.02832 MOP | 10206 | 20/06/2024 | 04/06/2024 | 21/10/2008 | Text Books | ||||
| Dewey Decimal Classification | B.Tech(TE) | PIET C-LIBRARY | PIET C-LIBRARY | 17/12/2008 | Technical Book | 65.00 | TSB/4129 | 7 | 677.02832 MOP | 10207 | 27/06/2024 | 05/06/2024 | 21/10/2008 | Text Books |